000
00276pab a2200109 454500
008
180718b xxu||||| |||| 00| 0 eng d
100
_a
Subrahmanyam, K
245
_a
Tacking terrorism: old methods won't do
650
_a
Law Enforcement
773
_a
Economic Times
909
_a
24131
999
_c
24131
_d
24131